| 000 | 00608nam a2200217 a 4500 | ||
|---|---|---|---|
| 999 |
_c1775 _d1775 |
||
| 007 | ta | ||
| 008 | 200117t2012 xxuad||g |||| 00| 0 eng d | ||
| 020 |
_a9780821395516 _c$. 39.95 |
||
| 040 |
_aKO _beng |
||
| 041 | 0 | _aeng | |
| 044 | _axxu | ||
| 082 | 0 | 4 |
_223 _a338.927 _bW89317 |
| 110 | _aThe World Bank | ||
| 245 | 1 | 0 |
_aInclusive Green Growth : _bThe Pathway to Sustainable Development / |
| 260 |
_aWashington , D. C. : _bThe World Bank , _c2012 . |
||
| 300 |
_axvi , 171 p. : _bill., Charts. ; _c27 cm. |
||
| 650 | 0 |
_aSustainable development _vTextbooks |
|
| 904 | _aReshma_R | ||
| 942 | _cBK | ||